01617nam a2200397Ia 4500001001200000003000800012006001900020007001500039008004100054010001700095020001800112020001800130040002100148035002100169050003000190100002900220245012800249260004400377300002400421490003100445504006200476533015200538650003500690650003300725650005600758650005400814650003400868650003200902650004100934650003900975655002901014710001601043710001701059856012601076999001701202ebr10237216CaPaEBRm u cr cn|||||||||080122s2008 dcua sb 001 0 eng d z 2008002702 z9780821374955 z9780821374962 aCaPaEBRcCaPaEBR a(OCoLC)56804696414aHD6072.6.M628bC48 2008eb1 aChamlou, Nadereh,d1956-14aThe environment for women's entrepreneurship in the Middle East and North Africah[electronic resource] /cNadereh Chamlou. aWashington, D.C. :bWorld Bank,cc2008. axxii, 94 p. :bill.0 aOrientation in development aIncludes bibliographical references (p. 85-90) and index. aElectronic reproduction.bPalo Alto, Calif. :cebrary,d2009.nAvailable via World Wide Web.nAccess may be limited to ebrary affiliated libraries. 0aPublic opinionzAfrica, North. 0aPublic opinionzMiddle East. 0aSelf-employed womenzAfrica, NorthxPublic opinion. 0aSelf-employed womenzMiddle EastxPublic opinion. 0aSocial valueszAfrica, North. 0aSocial valueszMiddle East. 0aWorkzAfrica, NorthxPublic opinion. 0aWorkzMiddle EastxPublic opinion. 7aElectronic books.2local2 aWorld Bank.2 aebrary, Inc.40uhttp://site.ebrary.com/lib/rucke/Doc?id=10237216zAn electronic book accessible through the World Wide Web; click to view c37815d37815